| 000 | 005020000a22001930004500 | ||
|---|---|---|---|
| 003 | LK-CoMWRAF | ||
| 005 | 20231102100743.0 | ||
| 008 | 230817t ||||| |||| 00| 0 eng d | ||
| 020 | _a9559728806 | ||
| 040 |
_aLK-CoMWRAF _dLK-CoMWRAF _eLK-CoMWRAF |
||
| 041 | _aeng | ||
| 082 |
_a360 _bWIJ |
||
| 100 | _aWijayaratna, Mohan | ||
| 245 |
_aBuddhist nuns : _bThe birth and development of a women's monastic order |
||
| 260 |
_aColombo _c2001 |
||
| 300 | _a222P | ||
| 650 | _aBuddhist Nuns | ||
| 942 | _cBK | ||
| 999 |
_c291 _d291 |
||